Catalog

Record Details

Catalog Search



Got the look  Cover Image Book Book

Got the look / James Grippando.

Record details

  • ISBN: 006056458X
  • Physical Description: 390 pages ; 24 cm.
  • Edition: First edition.
  • Publisher: New York : HarperCollins Publishers, c2006.
Subject: Swyteck, Jack (Fictitious character).
Attorney and client > Fiction.
Detective and mystery stories.
Miami (Florida) > Fiction.
Genre: Legal stories.

Available copies

  • 0 of 1 copy available at scottsboropl.

Holds

  • 0 current holds with 1 total copy.
Show Only Available Copies
Location Call Number / Copy Notes Barcode Shelving Location Status Due Date
scottsboropl F Gri 32269000762461 Adult - Fiction Checked out 04/29/2026

LDR 01028pam a2200313 a 4500
001128824
003CONS
00520140703073304.0
008050317s2006 nyu 000 1 eng
010 . ‡a 2005046006
020 . ‡a006056458X
035 . ‡a(CPomAG)LMN498074
043 . ‡an-us-fl
05000. ‡aPS3557.R534 ‡bG68 2006
08200. ‡a813/.54 ‡222
1001 . ‡aGrippando, James, ‡d1958-
24510. ‡aGot the look / ‡cJames Grippando.
250 . ‡aFirst edition.
260 . ‡aNew York : ‡bHarperCollins Publishers, ‡cc2006.
300 . ‡a390 pages ; ‡c24 cm.
4901 . ‡aA Jack Swyteck novel ; ‡vbook 5.
650 0. ‡aSwyteck, Jack (Fictitious character).
650 0. ‡aAttorney and client ‡vFiction.
650 0. ‡aDetective and mystery stories.
651 0. ‡aMiami (Florida) ‡vFiction.
655 7. ‡aLegal stories. ‡2gsafd
830 0. ‡aGrippando, James. ‡tA Jack Swyteck novel ; ‡vbook 5.
959 . ‡i32269000762461 ‡lF Gri ‡aAdult - Fiction ‡tFiction ‡g25.00
852 . ‡p32269000762461 ‡jF Gri ‡gAdult - Fiction ‡cFiction ‡y25.00 ‡bSBPL
901 . ‡a128824 ‡bUnknown ‡c128824 ‡tbiblio

Additional Resources